LEADER 01363nam a2200277 i 4500 001 000000042260 003 CaOOAMICUS 005 20260324115813.0 008 950529s1992 it u000 u ita u 020 $a88-16-43905-X 040 $aSeMil$bita 245 12$aL'Europa del Medioevo e del Rinascimento :$bstoria /$cprolusioni di Averil Cameron... [et al.] ; cronologia e dizionario a cura di Roberto Barbieri ; con la collaborazione di Emanuela Rodriguez. 300 $a438 p. :$bill. ;$c29 cm 650 4$aEuropa - Storia - Rinascimento.$0(OLS)http://semarc/subject/59846 650 4$aEuropa - Storia - Medioevo.$0(OLS)http://semarc/subject/1805 650 4$aStoria - Enciclopedie e dizionari.$0(OLS)http://semarc/subject/141 700 1 $aCameron, Averil.$0(OLS)http://semarc/name/20888 700 1 $aRodriguez, Emanuela.$0(OLS)http://semarc/name/20890 700 1 $aBarbieri, Roberto.$0(OLS)http://semarc/name/20889 773 0 $tEnciclopedia tematica aperta.$dMilano : Jaca Book, 1993-2007.$w()797 850 $aSeMil 852 $aSeMil$W1$xVenegono$y1$mSL1.L VI 16$j268912$B8415$CSeMilBibl$Z2$F8415 $8I 961 $aOmaggio: Brambilla don Franco Giulio 996 $6020$a88-16-43905-X$9(OLS)http://semarc/number/13436 996 $6245$aL'Europa del Medioevo e del Rinascimento :$bstoria$9(OLS)http://semarc/title/61572 LEADER 01422nam a2200277 i 4500 001 000000072045 003 CaOOAMICUS 005 20120411000000.0 008 120411s1971 it u000 u ita u 013 $a43217 040 $aSeMil$bita 240 10$aK. Rahner, Kritik an Hans Küng. Zur Frage der Unfehlbarkeit Theologische Sätze. K. Lehmann, Eine Heransforderung zur Discussion. M. Löhrer, Bemerkungen zu Hans Küng: Unfehlbar? Eine Angrage.$0(OLS)http://semarc/title/116048 245 10$aRahner, Lehmann, Löhrer rispondono all'"Infallibile" di Küng. 260 $aRoma :$bPaoline,$ccopyr. 1971. 300 $a109 p. ;$c18 cm. 490 0 $aPunti scottanti di teologia ;$v58 650 4$aKüng, Hans - Infallibilità.$0(OLS)http://semarc/subject/9195 700 1 $aRahner, Karl,$c.$0(OLS)http://semarc/name/61 700 1 $aKüng, Hans,$d<1928-2021>.$0(OLS)http://semarc/name/175 700 1 $aLöhrer, Magnus.$0(OLS)http://semarc/name/1122 700 1 $aLehmann, Karl,$c.$0(OLS)http://semarc/name/89176 830 0$aPunti scottanti di teologia ;$v58.$0(OLS)http://semarc/title/240 850 $aSeMil 852 $aSeMil$W1$xVenegono$y1$m2C V 408$j38198$B38198$CSeMilBibl$Z2$F38201 $81 996 $6245$aRahner, Lehmann, Löhrer rispondono all'"Infallibile" di Küng$9(OLS)http://semarc/title/116047 996 $6260$aRoma :$bPaoline$9(OLS)http://semarc/publisher/29686